Crónica de amor y muerte / (Record no. 86967)

MARC details
000 -LEADER
campo de control de longitud fija 00802nam a2200253 i 4500
001 - NÚMERO DE CONTROL
campo de control 86967
003 - IDENTIFICADOR DE NÚMERO DE CONTROL
campo de control ES-MaACL
005 - FECHA Y HORA DE LA ÚLTIMA TRANSACCIÓN
campo de control 20250828090937.0
007 - CAMPO FIJO DE DESCRIPCIÓN FÍSICA--INFORMACIÓN GENERAL
campo de control de longitud fija t|
008 - DATOS DE LONGITUD FIJA--INFORMACIÓN GENERAL
campo de control de longitud fija 041217s1971 sp ||||1| spa d
080 ## - NÚMERO DE LA CLASIFICACIÓN DECIMAL UNIVERSAL
Número de la Clasificación Decimal Universal 929 Kono, Makoto
080 ## - NÚMERO DE LA CLASIFICACIÓN DECIMAL UNIVERSAL
Número de la Clasificación Decimal Universal 929 Oóshima, Michico
100 1# - ENTRADA PRINCIPAL--NOMBRE DE PERSONA
Nombre de persona Kono, Makoto.
9 (RLIN) 173115
245 10 - MENCIÓN DEL TÍTULO
Título Crónica de amor y muerte /
Mención de responsabilidad, etc. Makoto Kono, Michico Oóshima ; tradujo, José Miguel Vara.
260 ## - PUBLICACIÓN, DISTRIBUCIÓN, ETC.
Lugar de publicación, distribución, etc. Madrid :
Nombre del editor, distribuidor, etc. Sociedad de Educación Atenas,
Fecha de publicación, distribución, etc. 1971.
300 ## - DESCRIPCIÓN FÍSICA
Extensión 246 p. ;
Dimensiones 19 cm.
490 1# - MENCIÓN DE SERIE
Mención de serie Testigos del hombre ;
Designación de volumen o secuencia 7
700 1# - ENTRADA AGREGADA--NOMBRE PERSONAL
Nombre de persona Oóshima, Michico.
9 (RLIN) 173116
700 1# - ENTRADA AGREGADA--NOMBRE PERSONAL
Nombre de persona Vara, José Miguel.
9 (RLIN) 113110
710 2# - ENTRADA AGREGADA--NOMBRE DE ENTIDAD CORPORATIVA
Nombre de entidad corporativa o nombre de jurisdicción como elemento de entrada Sociedad de Educación Atenas
9 (RLIN) 6665
830 1# - PUNTO DE ACCESO ADICIONAL DE SERIE-TÍTULO UNIFORME
Título uniforme Testigos del hombre ;
Designación de volumen o secuencia 7
9 (RLIN) 183342
852 ## - LOCALIZACIÓN
Ubicación ES-MaACL
Número de control de estantería C-41574
Holdings
Estatus retirado Estado de pérdida Estado de daño No para préstamo Biblioteca de origen Biblioteca actual Ubicación en estantería Fecha de adquisición Fuente de adquisición Total de préstamos Signatura topográfica completa Código de barras Visto por última vez Precio de reemplazo Tipo de ítem Koha
        Biblioteca del Ateneo de Madrid Biblioteca del Ateneo de Madrid Depósito 2 17/01/2008     C-41574 1090865 23/02/2023 23/02/2023 Libro impreso